000 00639nam a22001817a 4500
003 OSt
005 20251010063343.0
008 251010b |||||||| |||| 00| 0 eng d
020 _a971-8510-85-8.
040 _aDWC-Main Lib.
_cOC
100 _aBESAVILLA, VENANCIO I., JR.
245 _aSimplified steel design with solutions to latest CE Board Exams/
_cBESAVILLA, VENANCIO I., JR.
260 _aCebu City :
_bVIB Publisher,
_cc2007.
300 _a809 p. :
_bill. ;
_c21 cm.
650 _a1. Steel construction-Problems, exercises, etc.
650 _a2. Structural steel-Problems, exercises, etc.
942 _2ddc
_cBK - FIL
_hFil.
_n0
999 _c4838
_d4838